LIBRARY & INFORMATION CENTRE, KCAET, TAVANUR

ONLINE PUBLIC ACCESS CATALOGUE (OPAC)

A hydro-geophysical investigation of ground water potential (Record no. 14064)

MARC details
000 -LEADER
fixed length control field 00341nam a22001337a 4500
082 ## - DEWEY DECIMAL CLASSIFICATION NUMBER
Classification number 631.7
Item number RIT
100 ## - MAIN ENTRY--AUTHOR NAME
Personal name Ritu Prem
245 ## - TITLE STATEMENT
Title A hydro-geophysical investigation of ground water potential
260 ## - PUBLICATION, DISTRIBUTION, ETC. (IMPRINT)
Place of publication Tavanur
Name of publisher Department of LWRCE
Year of publication 2013
700 ## - ADDED ENTRY--PERSONAL NAME
Personal name Shazna K
700 ## - ADDED ENTRY--PERSONAL NAME
Personal name Sheeja P.S
700 ## - ADDED ENTRY--PERSONAL NAME
Personal name Kurien E K (Guide)
942 ## - ADDED ENTRY ELEMENTS (KOHA)
Koha item type Project Report
Holdings
Home library Current library Full call number Accession Number Koha item type
KAUAET KAUAET 631.7 RIT P272 Project Report
free website counter